| 000 | 01643nam0a2200361 i 4500 | ||
|---|---|---|---|
| 001 | RU\NLR\bibl\1941492 | ||
| 005 | 20241115074453.0 | ||
| 010 |
_a9785421701378 _960 |
||
| 021 |
_aRU _b2012-59141 _94338 |
||
| 035 | _a(NLR Aleph) 001930764 | ||
| 090 |
_a3432509 _c3432509 |
||
| 100 | _a20120905d2012 k y0rusy50 ca | ||
| 101 | 0 | _arus | |
| 102 | _aRU | ||
| 105 | _aa ||||||||| | ||
| 200 | 1 |
_aВлияние личностного потенциала педагога на диалог в педагогическом общении _eмонография _fР.В. Овчарова, А.А. Костылева _gМ-во образования и науки Рос. Федерации, Курган. гос. ун-т |
|
| 210 |
_aКурган _cКурганский государственный университет _d2012 |
||
| 215 |
_a128 с. _cил. _d20 |
||
| 320 | _aБиблиогр.: с. 112-121 (148 назв.) | ||
| 606 |
_aПедагогическое общение _92320518 _3RU\NLR\auth\661388278 |
||
| 606 | 1 |
_aПедагогическая деятельность _xПсихологические исследования _91713771 _3RU\NLR\AUTH\661061564 |
|
| 686 | _aЧ314.2 | ||
| 686 | _aЧ313.2 | ||
| 686 | 1 | _aЮ940.9 | |
| 700 | 1 |
_4070 _7ca _8rus _aОвчарова _bР. В. _f1945- _gРаиса Викторовна _9261420 _3RU\NLR\AUTH\770261476 |
|
| 701 | 1 |
_aКостылева _bА. А. _gАнна Андреевна _4070 |
|
| 801 | 0 |
_aRU _bNLR _c20120905 _gRCR |
|
| 801 | 1 |
_aRU _bNLR _c20120905 |
|
| 830 | _aАвт. по кн. | ||
| 942 | _cBOOK | ||
| 980 | _aNBR | ||